<?xml version="1.0" encoding="UTF-8"?>
<collection xmlns:xsi="http://www.w3.org/2001/XMLSchema-instance" xsi:schemaLocation="http://www.loc.gov/MARC21/slim http://www.loc.gov/standards/marcxml/schema/MARC21slim.xsd" xmlns="http://www.loc.gov/MARC21/slim">
 <record>
  <leader>00000cab a22000003a 4500</leader>
  <controlfield tag="001">UP-99796217612333843</controlfield>
  <controlfield tag="003">Buklod</controlfield>
  <controlfield tag="005">20231008001524.0</controlfield>
  <controlfield tag="006">m    |o  d |      </controlfield>
  <controlfield tag="007">ta</controlfield>
  <controlfield tag="008">170118s        xx     d | ||r |||||   ||</controlfield>
  <datafield tag="040" ind1=" " ind2=" ">
   <subfield code="a">DENGII</subfield>
  </datafield>
  <datafield tag="041" ind1="0" ind2=" ">
   <subfield code="a">eng</subfield>
  </datafield>
  <datafield tag="100" ind1="1" ind2=" ">
   <subfield code="a">Touch, Samphors.</subfield>
  </datafield>
  <datafield tag="245" ind1="1" ind2="0">
   <subfield code="a">Underground water in open pit mining at mae moh mine of Thailand</subfield>
   <subfield code="c">Samphors Touch, Pornchai Pongpanlarp, Thirapong Pipatpongsa and Jiro Takemura.</subfield>
  </datafield>
  <datafield tag="300" ind1=" " ind2=" ">
   <subfield code="a">February 2015</subfield>
   <subfield code="b">p. 126-143</subfield>
  </datafield>
  <datafield tag="520" ind1="3" ind2=" ">
   <subfield code="a">The groundwater problem at Mae Moh mine has drawn attention as the mining excavation goes deeper, thus resulting in detailed investigation of hydrogeological condition. One of the problems facing the mining is floor heave influenced by groundwater. The control of groundwater pressure in deep-seated aquifers with high elevation becomes important in the mining. In addition, the underground water at Mae Moh mine is naturally contaminated by arsenic. Therefore, the developments of 3D groundwater model of deep pit mine using Modflow simulation and the studies of underground water treatment are needed for the future planning. The predictive simulations were carried out for eight years (2007 to 2015). Because stability of the Mae Moh mine shows how can be closely linked to the water environment, this paper aims to report the field visits to the water related facilities of the mine, which were conducted during 2010-2013. The result reveals that the potentiometric head level is strongly increased, which might be a potential risk for the floor heave; thus, depressurization is required. Field measurements reveal pH level at 8 and a range of total dissolved solid (TDS) at 870-2020 ppm. Treatment efficiency shows that more than 95% of the arsenic can be successfully removed using ferric chloride.</subfield>
  </datafield>
  <datafield tag="650" ind1=" " ind2="0">
   <subfield code="a">Mineral industries</subfield>
   <subfield code="x">Environmental aspects.</subfield>
  </datafield>
  <datafield tag="653" ind1=" " ind2=" ">
   <subfield code="a">Arsenic.</subfield>
  </datafield>
  <datafield tag="653" ind1=" " ind2=" ">
   <subfield code="a">Field measurement.</subfield>
  </datafield>
  <datafield tag="653" ind1=" " ind2=" ">
   <subfield code="a">Floor heave.</subfield>
  </datafield>
  <datafield tag="653" ind1=" " ind2=" ">
   <subfield code="a">Ground water.</subfield>
  </datafield>
  <datafield tag="653" ind1=" " ind2=" ">
   <subfield code="a">Modflow.</subfield>
  </datafield>
  <datafield tag="653" ind1=" " ind2=" ">
   <subfield code="a">Open pit.</subfield>
  </datafield>
  <datafield tag="700" ind1="1" ind2=" ">
   <subfield code="a">Pongpanlarp, Pornchai.</subfield>
  </datafield>
  <datafield tag="700" ind1="1" ind2=" ">
   <subfield code="a">Pipatpongsa, Thirapong.</subfield>
  </datafield>
  <datafield tag="700" ind1="1" ind2=" ">
   <subfield code="a">Takemura, Jiro.</subfield>
  </datafield>
  <datafield tag="773" ind1="0" ind2=" ">
   <subfield code="t">ASEAN engineering journal</subfield>
   <subfield code="g">4, 1C (2015(Feb)).</subfield>
  </datafield>
  <datafield tag="905" ind1=" " ind2=" ">
   <subfield code="a">FI</subfield>
  </datafield>
  <datafield tag="852" ind1=" " ind2=" ">
   <subfield code="a">UPD</subfield>
   <subfield code="b">DENG-II</subfield>
  </datafield>
  <datafield tag="942" ind1=" " ind2=" ">
   <subfield code="a">Article</subfield>
  </datafield>
 </record>
</collection>
